Представление документа в формате MARC21

Поле Инд. ПП Название Значение
Тип записи a
Библиографический уровень b
001 Контрольный номер UNIDUBNA670bd302bd864191bbf3f5fa334a7443
005 Дата корректировки 20250904181537.2
008 Кодируемые данные 20170331
040 b Код языка каталог. rus
e Правила каталог. PSBO
041 0_ a Код языка текста rus
084 a Индекс другой классификации/Индекс ББК 60.9
100 1_ a Автор Сапожникова Н. В.
q Полное имя Сапожникова Наталья Вячеславовна
100 1_ a Автор Баскова Н. А.
q Полное имя Баскова Наталья Александровна
100 1_ a Автор Осипова Н. А.
q Полное имя Осипова Наталья Александровна
245 10 a Заглавие Оценка удовлетворенности дистанционными технологиями и их востребованности со стороны родителей в рамках реализации стационарозамещающей практики "Домашний микрореабилитационный центр"
504 a Библиография Лит. в конце статьи
520 0_ a Аннотация Рассмотрено применение дистанционных технологий в процессе социальной реабилитации семей с детьми с ограниченными возможностями здоровья. Раскрываются особенности применения дистанционных технологий при реализации практики "Домашний микрореабилитационный центр". Дается оценка удовлетворенности дистанционными технологиями и их востребованности со стороны родителей. Описываются типы позиций родителей применительно к использованию дистанционных технологий в социально-реабилитационном процессе.
650 14 a Основная рубрика социальная работа
653 0_ a Ключевые слова дистанционные технологии
a Ключевые слова комплексный подход
a Ключевые слова несовершеннолетние
a Ключевые слова оценка удовлетворенности
a Ключевые слова подростки
a Ключевые слова психосоциальная работа
a Ключевые слова Россия
a Ключевые слова социальная поддержка
a Ключевые слова социально-педагогический подход
a Ключевые слова социально-психологическая поддержка
773 08 t Заглавие источника Отечественный журнал социальной работы
d Дата издания источника 2023
g Прочая информация № 4. - С. 153 - 157
w Контрольный № источника UNIDUBNA8519d4f2c1714d859c3e1f0162350cf7
901 t Тип документа b